Cómo construir su propio dron : (Registro nro. 3699)
[ vista simple ]
| 000 -LEADER | |
|---|---|
| fixed length control field | 00985nam a22002417a 4500 |
| 003 - CONTROL NUMBER IDENTIFIER | |
| control field | PE SENCICO BE |
| 005 - DATE AND TIME OF LATEST TRANSACTION | |
| control field | 20251020182622.0 |
| 008 - FIXED-LENGTH DATA ELEMENTS--GENERAL INFORMATION | |
| fixed length control field | 221219b |||||||| |||| 00| 0 eng d |
| 020 ## - INTERNATIONAL STANDARD BOOK NUMBER | |
| International Standard Book Number | 978-84-267-2430-4 |
| 040 ## - CATALOGING SOURCE | |
| Original cataloging agency | PE SENCICO BE |
| Transcribing agency | PE SENCICO BE |
| 041 ## - LANGUAGE CODE | |
| Language code of text/sound track or separate title | spa |
| 082 ## - DEWEY DECIMAL CLASSIFICATION NUMBER | |
| Classification number | 629.13 |
| Item number | E46 |
| 100 1# - MAIN ENTRY--PERSONAL NAME | |
| 9 (RLIN) | 296 |
| Personal name | Elliott, Alex |
| 245 1# - TITLE STATEMENT | |
| Title | Cómo construir su propio dron : |
| Remainder of title | manual del constructor, la guía práctica para construir, manejar y mantener con seguridad un vehículo aéreo no tripulado / |
| Statement of responsibility, etc. | Alex Elliott |
| 250 ## - EDITION STATEMENT | |
| Edition statement | 1a ed. |
| 260 ## - PUBLICATION, DISTRIBUTION, ETC. | |
| Place of publication, distribution, etc. | Barcelona: |
| Name of publisher, distributor, etc. | Marcombo, |
| Date of publication, distribution, etc. | 2017 |
| 300 ## - PHYSICAL DESCRIPTION | |
| Extent | 156 p. : |
| Other physical details | il. col., lams. col. ; |
| Dimensions | 27 cm. |
| 505 0# - FORMATTED CONTENTS NOTE | |
| Formatted contents note | 1: Breve historia de drones.—2: Tipos de drones.—3: Aplicaciones de drones.—4: Anatomía de un dron.—5: Construcción de drones.—6: Vuelo y seguridad. |
| 650 14 - SUBJECT ADDED ENTRY--TOPICAL TERM | |
| 9 (RLIN) | 295 |
| Topical term or geographic name entry element | AVIONES NO TRIPULADOS |
| 650 24 - SUBJECT ADDED ENTRY--TOPICAL TERM | |
| 9 (RLIN) | 290 |
| Topical term or geographic name entry element | AERONÁUTICA |
| 910 ## - USER-OPTION DATA (OCLC) | |
| -- | hfp |
| -- | hfp |
| 942 ## - ADDED ENTRY ELEMENTS (KOHA) | |
| Source of classification or shelving scheme | Dewey Decimal Classification |
| Koha item type | Libros |
| Classification part | 629.13 |
| Item part | E46 |
| Fecha de la última vez que lo usaron | Número de ingreso o de inventario | Pago total | Signatura topográfica completa | Precio efectivo desde | Tipo de documento | Estado perdido | Sistema de clasificación | Estado dañado | No es para préstamo | Retirado | Ubicación permanente | Ubicación actual | Fecha de adquisición |
|---|---|---|---|---|---|---|---|---|---|---|---|---|---|
| 19/12/2022 | 16337 | 629.13/E46 | 19/12/2022 | Libros | Dewey Decimal Classification | Biblioteca Central Lima | Biblioteca Central Lima | 19/12/2022 | |||||
| 19/12/2022 | 16375 | 629.13/E46/ej. 2 | 19/12/2022 | Libros | Dewey Decimal Classification | Biblioteca Central Lima | Biblioteca Central Lima | 19/12/2022 | |||||
| 19/12/2022 | 16460 | 629.13/E46/ej. 3 | 19/12/2022 | Libros | Dewey Decimal Classification | Biblioteca Central Lima | Biblioteca Central Lima | 19/12/2022 |